• 首页
  • 本馆介绍
  • 公告通知
  • 最新文献
  • 馆藏检索
  • 电子资源
  • 读者导购
  • 参考咨询
  • 我的图书馆
  • 登录
  • 详细信息显示
  • 放入我的书架
  • 预约/预借图书
  • 作者相关作品
  • 分类相关作品
  • 丛书相关作品
  • 出版社相关作品

书目信息

  • 表格格式
  • 工作单格式
  • 卡片格式
题名:
数据库管理系统剖析
    
 
作者: 拉森 , Larson 著 ;马克平 , 徐秋元 译
分册:  
出版信息: 西安   西北工业大学出版社  1986
页数: 208页
开本: 19cm
丛书名:
单 册:
中图分类: TP315
科图分类:
主题词: 数据库管理系统
电子资源:
ISBN:
000 00792nam0 2200277 45
001 0186002593
005 20040701100330.4
010    @dCNY1.45
091    @a15433.020
100    @a19901014d1986 em y0chiy0121 ea
101 1  @achi@ceng
102    @aCN@b610000
105    @ay z 000yy
106    @ar
200 10 @a数据库管理系统剖析@Ashu ju ku guan li xi tong pou xi@f(美)拉森(Larson,J.A.)著@g马克平,徐秋元译
210    @a西安@c西北工业大学出版社@d1986
215    @a208页@c图表@d19cm
606    @a数据库管理系统
690    @aTP315@v3
701  1 @a拉森@Ala sen@bJ.A.@4著
701 A1 @aLarson@bJ.A.@4著
702  0 @a马克平@Ama ke ping@4译
702  0 @a徐秋元@Axu qiu yuan@4译
801  0 @aCN@b深圳图书馆@c20040513
801  2 @aCN@bNLC@c20040513
905    @f1@b237608@dTP315@e86
    
    数据库管理系统剖析/(美)拉森(Larson,J.A.)著/马克平,徐秋元译.-西安:西北工业大学出版社,1986
    208页:图表;19cm
    
    
    ISBN :CNY1.45
    
●
相关链接 在E读中查询图书 在五车中查询图书 在当当中查询图书 在豆瓣中查询图书


正题名:数据库管理系统剖析     索取号:TP315/86         预约/预借

序号 登录号 条形码 馆藏地/架位号 状态 备注
1 0237608   001943874   第三借阅区/ [索取号:TP315/86] 在馆    
2 0237609   001334899   第三借阅区/ [索取号:TP315/86] 在馆    
3 0237610   001335843   第二样本阅览室/ [索取号:TP315/86] 在馆    
唐山师范学院图书馆 欢迎您!
大连网信软件有限公司© 版权所有